| 000 | 01029nac a22003131i 4500 | ||
|---|---|---|---|
| 003 | EG-ScBUE | ||
| 005 | 20260512093636.0 | ||
| 008 | 260512t2004 caua f 001 0 eng d | ||
| 020 | _a0534405819 (acid-free paper) | ||
| 020 | _a9780534405816 | ||
| 035 | _a(DLC) 2003117069 | ||
| 040 |
_aEG-ScBUE _beng _erda _cEG-ScBUE _dEG-ScBUE |
||
| 082 | 0 | 4 |
_a512.5 _bGIL _222 |
| 100 | 1 |
_aGilbert, Jimmie, _eauthor. |
|
| 245 | 1 | 0 |
_aLinear algebra and matrix theory / _cJimmie Gilbert and Linda Gilbert, University of South Carolina Spartanburg. |
| 250 | _aSecond edition. | ||
| 264 | 1 |
_aBelmont, CA : _bThomson Brooks/Cole, _c[2004] |
|
| 264 | 4 | _cc2004 | |
| 300 |
_aix, 518 pages : _billustrations ; _c25 cm |
||
| 336 |
_2rdacontent _atext _btxt |
||
| 337 |
_aunmediated _2rdamedia _bn |
||
| 338 |
_avolume _bnc _2rdacarrier |
||
| 500 | _aIncludes index. | ||
| 650 | 7 |
_aAlgebras, Linear. _2BUEsh |
|
| 650 | 7 |
_aMatrices. _2BUEsh |
|
| 655 | _vReading book | ||
| 700 | 1 |
_aGilbert, Linda, _d1948- _eauthor. |
|
| 942 |
_cBB _2ddc |
||
| 999 |
_c1996 _d1996 |
||